000 00783nam a22002417a 4500
005 20170124105941.0
010 _aA-710126
020 _c00.00
_a817022361
035 _aA-710126
037 _bCen Lib/Ret
040 _aDPL
_bEN
082 _a338.95491734
_bYUG
245 _aStudies in village india :
_cedited by B. N. Yugandhar [and] Neela Mukherjee
_bissues in rural development /
260 _aNew Delhi
_bConcept Publishing Company
_c1991
270 _aA/15-16, Commercial Block, Mohan Garden
_bNew Delhi
300 _a148p.
_c20cmHb)
500 _aIncludes index
650 _aRural development
_975158
650 _aVillages
_975159
700 _aYugandhar, B.N.
_975160
700 _aMukherjee, Neela
_911356
942 _2ddc
_cEN
_h338.95491734
_mYUG
999 _c124608
_d124608